| 000 | 00677nam a2200265Ia 4500 | ||
|---|---|---|---|
| 003 | OSt | ||
| 005 | 20221005101844.0 | ||
| 006 | a|||||r|||| 00| 0 | ||
| 007 | ta | ||
| 008 | 221004b |||||||| |||| 00| 0 eng d | ||
| 020 | _a0746308973 | ||
| 024 | _a28738 | ||
| 037 | _cTextual | ||
| 040 |
_aCRL _cCRL _beng |
||
| 041 |
_2eng _aeng |
||
| 082 | _aO111,3N27:g, N9 | ||
| 100 | _aGupta Suman | ||
| 245 | 0 | _aV S Naipaul | |
| 260 |
_aUnited _bKingdom Northcote Publishers _c1999 |
||
| 300 |
_a110p. _ccm. |
||
| 650 | _a ENGLISH FICTION | ||
| 650 | _aNAIPAUL, V S | ||
| 942 |
_hO111,3N27:g, N9 _cTEXL _2cc |
||
| 999 |
_c1007489 _d1007489 |
||